| 000 | 01042nam a2200289 i 4500 | ||
|---|---|---|---|
| 001 | 10230 | ||
| 003 | ES-MaACL | ||
| 005 | 20251003200453.0 | ||
| 007 | t| | ||
| 008 | 950323s1994 sp |||| |dspa d | ||
| 020 | _a84-7769-079-0 | ||
| 080 | _a929 Enríquez de Cabrera, Fadrique, Almirante de Castilla | ||
| 080 | _a860-14"14" | ||
| 100 | 1 |
_aAvalle-Arce, Juan Bautista _923989 |
|
| 245 | 1 | 0 |
_aCancionero del Almirante Don Fadrique Enríquez / _cJuan Bautista de Avalle-Arce. |
| 250 | _a1ª ed. | ||
| 260 |
_aBarcelona : _bQuaderns Crema, _c1994. |
||
| 300 |
_a614 p. ; _c18 cm. |
||
| 490 | 1 |
_aBiblioteca menor ; _v11 |
|
| 500 | _aÍndice. | ||
| 505 | 8 |
_aContiene: Parte I ; _tEl Almirante Don Fadrique Enríquez, esbozo biográfico - Parte II ; _tTexto |
|
| 600 | 1 | 7 |
_aMelgar, Fadrique Enríquez, _cConde de, _d1460-1538 _2 _9166848 |
| 700 | 1 |
_aMelgar, Fadrique Enríquez, _cConde de, _d1460-1538 _9166848 |
|
| 830 | 0 |
_aBiblioteca menor ; _v11 _9178668 |
|
| 852 |
_aES-MaACL _jL-17617 |
||
| 999 |
_c10230 _d10230 |
||